1435 1704 1429 1182 1270 1524 1481 1576 1149 1246 1255 1370 1536 1313 1260 1580 1313 1501 1880 1515 1499 1568 1151 1316 1661 1634 1126 1324 1437 1413 1997 1391 1276 1052 1574 1306 1606 1054 1017 1059 1933 1595 1697 1721 1556 1830 1126 1862 1112 1559 1481 1760 1740 1845 1184 1435 1597 1175 1949 1427 1028 1057 1478 1557 1833 1276 1982 1401 1851 1477 1150 1151 1943 1041 1221 1395 1726 1405 1372 1794 1078 1518 1105 1780 1165 1991 1169 1063 1468 1002 1574 1941 1851 1503 1308 1427 1366 1446 1865 BCNSPRNW ULIB Ver.6.0+V

เปลี่ยนเป็นภาษาไทย

Change to English
 แสดงรายละเอียดบรรณานุกรม
  กลับหน้าหลัก

Brief Record : Get Marc (ISO 2709) : E-mail record : QR code < ปิดหน้าต่าง
LEADER : 00000nam 2200000uu 4500
001    13399108502
003     ULIB
008    110306s2544||||th 000 0 tha d
020    9747194708
060 04 WA31^bศ815ศ 2544
100 0  ศุภสิทธิ์ พรรณารุโณทัย
245 10 เศรษฐศาสตร์สาธารณสุข :^bในยุคปฏิรูประบบสุขภาพ /^cศุภสิทธิ์พรรณารุโณทัย
250    พิมพ์ครั้งที่ 2
260    [พิษณุโลก] :^bศูนย์วิจัยและติดตามความเป็นธรรมทางสุขภาพคณะแพทยศาสตร์ มหาวิทยาลัยนเรศวร,^c2544
300    [16], 230 หน้า :^bภาพประกอบ ;^c30 ซม.
500    มีประวัติผู้แต่งท้ายเล่ม
650  7 การปฏิรูประบบสุขภาพ
650  7 ค่าบริการทางแพทย์
650  7 บริการสุขภาพ, การวิจัย
650  7 บุคลากรสาธารณสุข
650  7 ประกันสุขภาพ
650  7 เศรษฐศาสตร์การแพทย์
650  7 เศรษฐศาสตร์สาธารณสุข
710 2  มหาวิทยาลัยนเรศวร. ^bคณะแพทยศาสตร์.^bศูนย์วิจัยและติดตามความเป็นธรรมทางสุขภาพ
945    ^p150^l0^i019781
995    ทศพร
999 ^a ใช้งานได้ทุกระบบ
รายการนี้ยังไม่มีแท็ก
คุณยังไม่ได้ล็อกอิน คุณสามารถมีกิจกรรมร่วมกับเว็บไซต์ได้ แต่ต้องล็อกอินก่อน ::
  ล็อกอิน

รายการสื่อสารสนเทศ

ลำดับที่ ประเภท เลขเรียก/บาร์โค้ด สถานที่ สถานะ
- ไม่พบข้อมูล -

รายการใกล้เคียง
    ผู้แต่ง [ศุภสิทธิ์ พรรณารุโณทัย]

    หัวเรื่อง [การปฏิรูประบบสุขภาพ]
    หัวเรื่อง [ค่าบริการทางแพทย์]
    หัวเรื่อง [บริการสุขภาพ, การวิจัย]
    หัวเรื่อง [บุคลากรสาธารณสุข]
    หัวเรื่อง [ประกันสุขภาพ]
    หัวเรื่อง [เศรษฐศาสตร์การแพทย์]
    หัวเรื่อง [เศรษฐศาสตร์สาธารณสุข]

BibComment


ยังไม่เคยถูกคอมเมนท์

คอมเมนท์ทรัพยากรรายการนี้
  คอมเมนท์: เศรษฐศาสตร์สาธารณ..


 Copyright 2026. Bcnsprnw @Library